[Event "Asian Junior-ch 2017-Open"]
[Site "Shiraz"]
[Date "2017.05.10"]
[Round "9"]
[White "Mohammad Nubairshah Shaikh"]
[Black "Firouzja, Alireza"]
[Result "1/2-1/2"]
[WhiteElo "2408"]
[BlackElo "2487"]
[Annotator "TA"]
[PlyCount "41"]
[EventDate "2017.??.??"]
[EventType "swiss"]
[EventCountry "IRI"]
[SourceTitle "playchess.com"]
[Source "ChessBase"]
[SourceQuality "1"]

{[%evp 24,30,48,46,52,25,44,50,123]} 1. d4 Nf6 2. c4 g6 3. Nc3 Bg7 4. e4 d6 5. Nf3 O-O 6. Be2 e5 7. O-O Nc6 8. d5 Ne7 9. b4 Nh5 10. Re1 Nf4 11. Bf1 a5 12. bxa5 Rxa5 13. a4 f5 {E97: King's Indian: Classical Main Line (6...e5 7 0-0 Nc6): 8 Be3 and 8 d5 Ne7, not 9 Ne1} 14. Nd2 fxe4 15. Ndxe4 Nf5 {[#]} (15... b6 $14) {Predecessor:} 16. Nb5 $146 Nd4 17. Nxd4 exd4 18. Bxf4 Rxf4 19. Qd2 Rxe4 20. Qxa5 Rf4 21. Qd2 {1-0 (35) Xu,J (2505)-Sutovsky,E (2590) Bad Homburg 1997} 1/2-1/2

[Event "Asian Junior-ch 2017-Open"]
[Site "Shiraz"]
[Date "2017.05.10"]
[Round "9"]
[White "Gholami Orimi, Mahdi"]
[Black "Tran, Minh Thang"]
[Result "0-1"]
[WhiteElo "2256"]
[BlackElo "2409"]
[Annotator "TA"]
[PlyCount "70"]
[EventDate "2017.??.??"]
[EventType "swiss"]
[EventCountry "IRI"]
[SourceTitle "playchess.com"]
[Source "ChessBase"]
[SourceQuality "1"]

{[%evp 11,70,-8,19,3,11,14,20,-9,6,0,11,2,12,-2,29,28,29,24,35,29,32,0,35,0,0,-9,85,86,127,-145,-158,-150,-151,-153,-150,-236,-233,-236,-228,-233,-227,-291,-289,-318,-318,-318,-303,-372,-363,-364,-344,-354,-354,-393,-372,-383,-374,-670,-376,-357,-253]} 1. d4 Nf6 2. Nf3 e6 3. c4 b6 4. Nc3 Bb7 5. g3 Bb4 6. Bg2 Ne4 {LiveBook: 7 Games} (6... Bxc3+ $5 7. bxc3 d6 $11) 7. Qd3 {E21: Nimzo-Indian: 4 Nf3} (7. Qc2 O-O 8. O-O Bxc3 9. bxc3 f5 10. Ba3 Nd6 11. d5 Na6 12. Nd4 Qf6 13. Qa4 exd5 14. cxd5 Rf7 {1-0 (25) Dumitrache,D (2491)-Picard,R (2371) France 2008}) 7... Nxc3 $146 ({Predecessor:} 7... f5 8. O-O Nxc3 9. bxc3 Be4 10. Qe3 Be7 11. Ne5 Bxg2 12. Kxg2 O-O 13. Qf3 c6 14. e4 Na6 {½-½ (55) Demina,J (2341)-Grabuzova,T (2348) St Petersburg 2009}) 8. bxc3 Be7 9. e4 {The position is equal.} d6 10. O-O Nc6 {[%cal Bb8c6,Bc6a5,Ba5c4][%mdl 32]} 11. Nd2 O-O 12. f4 e5 13. Nb3 a5 14. Be3 a4 {[#] Strongly threatening ...exf4.} 15. Nd2 $1 Na5 16. Qc2 Qd7 17. fxe5 dxe5 18. Rf5 ({Reject} 18. dxe5 Rfd8 $17) 18... g6 (18... f6 $11 {keeps the balance.}) 19. Rxe5 $16 Bf6 20. Rb5 $2 {[%mdl 8192]} (20. Rd5 $1 $16 {[%cal Rd5d7] is necessary to keep the advantage.} Bxd5 21. cxd5) 20... Nxc4 $1 $17 21. Nxc4 {Hoping for Rb2.} Qxb5 22. Nd2 Bg5 23. Re1 {[#]} (23. Bxg5 $17 Qxg5 24. Re1) 23... Bxe3+ $1 $19 24. Rxe3 a3 25. Nb3 f5 {[%cal Bf7f5,Bf5f4][%mdl 32]} 26. c4 Qb4 27. e5 Bxg2 28. Kxg2 f4 29. Re4 b5 ({Don't play} 29... f3+ 30. Kf2 $19) 30. cxb5 fxg3 ({Weaker is} 30... Qxb5 31. gxf4 g5 32. Qe2 $19) (30... f3+ $2 31. Kf2 $19) 31. hxg3 Qxb5 32. Re2 Qd5+ 33. Qe4 c6 34. Re3 $2 (34. Qxd5+ cxd5 35. g4) 34... Qxe4+ 35. Rxe4 Kf7 {Precision: White = 39%, Black = 62%.} 0-1

[Event "Asian Junior-ch 2017-Open"]
[Site "Shiraz"]
[Date "2017.05.10"]
[Round "9"]
[White "Daneshvar, Bardiya"]
[Black "Hamidi, Amir Mohammad"]
[Result "1/2-1/2"]
[WhiteElo "2105"]
[BlackElo "2187"]
[Annotator "ChessBase"]
[PlyCount "169"]
[EventDate "2017.??.??"]
[EventType "swiss"]
[EventCountry "IRI"]
[SourceTitle "playchess.com"]
[Source "ChessBase"]
[SourceQuality "1"]
[TimeControl "5400+30"]

1. d4 {[%emt 0:00:00]} e6 {[%emt 0:00:39]} 2. c4 {[%emt 0:00:00]} d5 {[%emt 0:00:08]} 3. Nc3 {[%emt 0:00:00]} Nf6 {[%emt 0:00:08]} 4. Bg5 {[%emt 0:00:00]} Be7 {[%emt 0:01:29]} 5. cxd5 {[%emt 0:00:08]} Nxd5 {[%emt 0:02:03]} 6. Bxe7 {[%emt 0:01:01]} Qxe7 {[%emt 0:00:08]} 7. Nxd5 {[%emt 0:00:08]} exd5 {[%emt 0:00:09]} 8. Qd2 {[%emt 0:06:21]} a5 {[%emt 0:01:54]} 9. Nf3 {[%emt 0:04:42]} O-O {[%emt 0:01:32]} 10. e3 {[%emt 0:00:34]} Nd7 {[%emt 0:01:54]} 11. Bd3 {[%emt 0:04:13]} Nf6 {[%emt 0:01:25]} 12. O-O {[%emt 0:00:37]} Ne4 {[%emt 0:00:38]} 13. Bxe4 {[%emt 0:08:05]} dxe4 {[%emt 0:00:44]} 14. Ne5 {[%emt 0:00:13]} Be6 {[%emt 0:11:37]} 15. Qc2 {[%emt 0:04:26]} Bd5 {[%emt 0:01:14]} 16. Rfc1 {[%emt 0:05:56]} f6 {[%emt 0:02:24]} 17. Nc4 {[%emt 0:00:11]} Qe6 {[%emt 0:05:09]} 18. b3 g5 {[%emt 0:01:22]} 19. Qd2 {[%emt 0:12:06]} a4 {[%emt 0:01:42]} 20. Qb4 {[%emt 0:01:10]} h5 {[%emt 0:02:43]} 21. Nb2 {[%emt 0:04:39]} axb3 {[%emt 0:12:27]} 22. axb3 {[%emt 0:00:06]} Rxa1 {[%emt 0:01:18]} 23. Rxa1 {[%emt 0:00:11]} h4 {[%emt 0:00:04]} 24. h3 {[%emt 0:12:49]} b6 {[%emt 0:06:16]} 25. Nc4 {[%emt 0:04:19]} Rf7 {[%emt 0:01:14]} 26. Qd2 {[%emt 0:07:15]} Bxc4 {[%emt 0:01:59]} 27. bxc4 {[%emt 0:00:53]} Qxc4 {[%emt 0:00:04]} 28. Ra8+ {[%emt 0:00:24]} Kg7 {[%emt 0:00:47]} 29. Qd1 {[%emt 0:00:23]} Qd5 {[%emt 0:01:07]} 30. Re8 {[%emt 0:01:31]} Qc6 {[%emt 0:04:11]} 31. Rc8 {[%emt 0:01:08]} Rf8 {[%emt 0:00:43]} 32. d5 {[%emt 0:01:44]} Qc5 {[%emt 0:01:05]} 33. Rxf8 {[%emt 0:00:19]} Kxf8 {[%emt 0:00:48]} 34. Qg4 {[%emt 0:01:00]} Qe7 {[%emt 0:00:00]} 35. Qe2 {[%emt 0:01:45]} Kg7 {[%emt 0:05:42]} 36. Qc4 {[%emt 0:00:14]} Qe5 {[%emt 0:00:46]} 37. Qc6 {[%emt 0:00:17]} f5 {[%emt 0:01:19]} 38. Qd7+ {[%emt 0:00:07]} Kf6 {[%emt 0:02:25]} 39. Qd8+ {[%emt 0:00:41]} Qe7 {[%emt 0:00:09]} 40. Qh8+ {[%emt 0:00:07]} Qg7 {[%emt 0:00:40]} 41. Qe8 {[%emt 0:00:09]} Qf7 {[%emt 0:02:27]} 42. Qd8+ {[%emt 0:02:27]} Kg6 {[%emt 0:00:52]} 43. d6 {[%emt 0:00:22]} cxd6 {[%emt 0:00:17]} 44. Qxb6 {[%emt 0:00:07]} Qf6 {[%emt 0:00:06]} 45. Qb8 {[%emt 0:00:16]} Kh6 {[%emt 0:01:56]} 46. Qa8 {[%emt 0:02:16]} Qe6 {[%emt 0:00:39]} 47. Qd8 {[%emt 0:00:44]} Kg6 {[%emt 0:00:42]} 48. Qf8 {[%emt 0:00:12]} d5 {[%emt 0:00:24]} 49. Qh8 {[%emt 0:00:10]} Qf7 {[%emt 0:03:38]} 50. Qd8 {[%emt 0:00:38]} f4 {[%emt 0:00:50]} 51. exf4 {[%emt 0:00:10]} gxf4 {[%emt 0:00:18]} 52. Qxh4 {[%emt 0:00:22]} Qf6 {[%emt 0:00:40]} 53. Qg4+ {[%emt 0:02:46]} Kh6 {[%emt 0:00:23]} 54. Qe2 {[%emt 0:07:37]} Qe6 {[%emt 0:01:27]} 55. Qd2 {[%emt 0:02:21]} e3 {[%emt 0:00:05]} 56. fxe3 {[%emt 0:00:07]} fxe3 {[%emt 0:01:15]} 57. Qd4 {[%emt 0:01:06]} Kg6 {[%emt 0:01:54]} 58. Qd3+ {[%emt 0:00:38]} Kf6 {[%emt 0:02:17]} 59. h4 {[%emt 0:01:16]} Qe5 {[%emt 0:02:57]} 60. Qa6+ {[%emt 0:00:56]} Kg7 {[%emt 0:00:37]} 61. Qe2 {[%emt 0:02:12]} d4 {[%emt 0:00:09]} 62. h5 {[%emt 0:00:12]} Kh6 {[%emt 0:00:13]} 63. Qg4 {[%emt 0:00:05]} Qf6 {[%emt 0:00:51]} 64. Qe2 {[%emt 0:00:42]} Qf4 {[%emt 0:03:31]} 65. g4 {[%emt 0:00:23]} Qg3+ {[%emt 0:00:49]} 66. Qg2 {[%emt 0:00:08]} Qe1+ {[%emt 0:01:07]} 67. Qf1 {[%emt 0:00:13]} Qg3+ {[%emt 0:02:28]} 68. Qg2 {[%emt 0:00:05]} Qf4 {[%emt 0:00:43]} 69. Qe2 {[%emt 0:01:04]} Kg5 {[%emt 0:00:30]} 70. Kg2 {[%emt 0:00:07]} Kh4 {[%emt 0:00:35]} 71. Qf3 {[%emt 0:00:08]} Qd6 {[%emt 0:01:18]} 72. Qh3+ {[%emt 0:01:57]} Kg5 {[%emt 0:00:02]} 73. Qf3 {[%emt 0:00:01]} Qe5 {[%emt 0:00:41]} 74. Qe2 {[%emt 0:00:15]} Kh4 {[%emt 0:00:27]} 75. h6 {[%emt 0:00:22]} Kg5 {[%emt 0:03:38]} 76. h7 {[%emt 0:00:16]} Qe4+ {[%emt 0:00:20]} 77. Kg3 {[%emt 0:00:08]} Qe5+ {[%emt 0:01:45]} 78. Kf3 {[%emt 0:00:14]} Kg6 {[%emt 0:01:21]} 79. Qc2+ {[%emt 0:02:30]} Kg7 {[%emt 0:00:18]} 80. Qb1 {[%emt 0:00:04]} Qd5+ {[%emt 0:00:31]} 81. Ke2 {[%emt 0:00:08]} Qg2+ {[%emt 0:00:17]} 82. Kd3 {[%emt 0:00:05]} Qxg4 {[%emt 0:00:26]} 83. Qb7+ {[%emt 0:00:17]} Kh8 {[%emt 0:00:02]} 84. Qf7 {[%emt 0:00:20]} Qg5 {[%emt 0:02:42]} 85. Kxd4 {[%emt 0:00:28]} 1/2-1/2

[Event "Asian Junior-ch 2017-Open"]
[Site "Shiraz"]
[Date "2017.05.10"]
[Round "9"]
[White "Koniahli, Malek"]
[Black "Daghli, Arash"]
[Result "0-1"]
[WhiteElo "1995"]
[BlackElo "2198"]
[Annotator "TA"]
[PlyCount "82"]
[EventDate "2017.??.??"]
[EventType "swiss"]
[EventCountry "IRI"]
[SourceTitle "playchess.com"]
[Source "ChessBase"]
[SourceQuality "1"]

{[%evp 9,82,0,44,3,17,14,30,14,17,10,13,-31,-20,-18,-22,-25,10,31,120,9,62,-38,42,56,54,13,5,28,18,27,17,17,31,22,49,0,0,-52,-46,-83,-72,-157,32,-343,-326,-338,-313,-418,-419,-473,-459,-637,-312,-411,-395,-522,-530,-540,-562,-547,-523,-630,-610,-713,-696,-849,-839,-787,-694,-683,-672,-802,-779,-757,-724]} 1. e4 e5 2. Nc3 Nf6 3. g3 Nc6 4. Bg2 Bc5 5. Nge2 h5 (5... O-O 6. O-O d6 7. Na4 Bg4 8. h3 Be6 9. d3 h6 10. Nxc5 dxc5 11. f4 Qe7 12. f5 Bd7 13. g4 Nh7 14. Qe1 Nd4 15. Nxd4 cxd4 {1-0 (60) Yu,Y (2675)-Kryvoruchko,Y (2707) Dubai 2014}) 6. Na4 {C26: Vienna Game: 2...Nf6, sidelines} Be7 7. d4 d6 8. d5 {White has an edge.} Nb8 9. c4 h4 10. f4 $146 ({Predecessor:} 10. h3 hxg3 11. fxg3 Bd7 12. Be3 Qc8 13. g4 {1-0 (59) Moloney,N (2202)-Khamidov,K (1980) Novy Bor 2011}) 10... hxg3 11. hxg3 Rxh1+ 12. Bxh1 exf4 13. gxf4 Nh5 (13... c6 $14) 14. Qd3 (14. Bf3 $16 Nf6 15. Qb3) 14... Bg4 (14... Bf8 $1 $11 15. Be3 Qh4+ 16. Kd2 Bg4) 15. Be3 (15. Bf3 $14 Qd7 16. b3) 15... Bh4+ ({Black should try} 15... g5 $15) 16. Kd2 $14 Qf6 17. Rg1 Bxe2 $1 18. Qxe2 Nxf4 19. Qg4 {[#] Qc8+ is the strong threat.} Ng6 $1 20. Qc8+ Qd8 21. Qxb7 Nd7 22. Bxa7 Nge5 $36 {[%mdl 2048] Black fights for an advantage.} 23. Rxg7 ({Better is} 23. Kc2 $11) 23... Kf8 $15 24. Rg1 Nxc4+ 25. Kc2 (25. Ke2 $142) 25... Na5 $2 (25... Nde5 $17 {Strongly threatening ...Na5.} 26. b4 Qe8) 26. Qa6 $2 {[%mdl 8192] [#]} (26. Qb4 $14 {was forced to keep a grip.}) 26... Bf2 $1 $19 {[%cal Rf2g1,Bh4f2,Bf2d4,Bd4f6][%mdl 544]} 27. Rf1 (27. Bxf2 Rxa6) 27... Rxa7 28. Qe2 Bd4 29. Qd2 Bf6 30. e5 dxe5 (30... Nc4 $142 31. Qe2 Ndxe5) 31. Nc3 {White hopes to continue with Ne4.} Nc4 32. Qh6+ Bg7 {Black is clearly winning.} 33. Qh3 Rb7 34. b3 Nd6 35. Be4 Rb4 36. Bf5 Nf6 37. Bd3 e4 38. Be2 Rd4 39. Qh4 Qe7 40. Qg5 Nxd5 41. Qxe7+ Kxe7 {Precision: White = 18%, Black = 51%.} 0-1